New rights for tenants and homeless (Record no. 71266)
[ view plain ]
| 000 -LEADER | |
|---|---|
| fixed length control field | 01104cam a2200229 4500 |
| 001 - CONTROL NUMBER | |
| control field | WB3836-13 |
| 008 - FIXED-LENGTH DATA ELEMENTS--GENERAL INFORMATION | |
| fixed length control field | 021001n2002 000 0 eng u |
| 035 ## - SYSTEM CONTROL NUMBER | |
| System control number | (Sirsi) u119945 |
| 245 ## - TITLE STATEMENT | |
| Title | New rights for tenants and homeless |
| 260 ## - PUBLICATION, DISTRIBUTION, ETC. | |
| Date of publication, distribution, etc. | 2002 |
| 490 ## - SERIES STATEMENT | |
| Series statement | Scottish Executive Press Release |
| Volume/sequential designation | 30 September 2002, (3) |
| 520 ## - SUMMARY, ETC. | |
| Summary, etc. | A number of major provisions of the Housing (Scotland) Act 2001 come into force today. Margaret Curran, minister for social justice said the legislation 'is one of the most significant pieces of housing legislation in Scotland for a generation'. The provisions will make a real difference to the lives of tenants throughout Scotland by better balancing their rights and bringing council and housing association tenants under the same tenancy agreement. |
| 590 ## - LOCAL NOTE (RLIN) | |
| Local note | WB |
| 650 ## - SUBJECT ADDED ENTRY--TOPICAL TERM | |
| Topical term or geographic name entry element | HOUSING (SCOTLAND) ACT 2001 |
| 650 ## - SUBJECT ADDED ENTRY--TOPICAL TERM | |
| Topical term or geographic name entry element | TENANTS' RIGHTS |
| 650 ## - SUBJECT ADDED ENTRY--TOPICAL TERM | |
| Topical term or geographic name entry element | SCOTLAND |
| 650 ## - SUBJECT ADDED ENTRY--TOPICAL TERM | |
| Topical term or geographic name entry element | HOUSING ASSOCIATIONS |
| 650 ## - SUBJECT ADDED ENTRY--TOPICAL TERM | |
| Topical term or geographic name entry element | LOCAL COUNCILS |
| 690 ## - LOCAL SUBJECT ADDED ENTRY--TOPICAL TERM (OCLC, RLIN) | |
| Topical term or geographic name as entry element | PROPERTY-LANDLORD AND TENANT |
| 856 ## - ELECTRONIC LOCATION AND ACCESS | |
| Host name | http://www.scotland.gov.uk/pages/news/2002/09/SEsj064.aspx |
| 942 ## - ADDED ENTRY ELEMENTS (KOHA) | |
| Suppress in OPAC | 0 |
| Withdrawn status | Lost status | Source of classification or shelving scheme | Damaged status | Not for loan | Home library | Current library | Shelving location | Date acquired | Total Checkouts | Full call number | Barcode | Date last seen | Copy number | Price effective from | Koha item type |
|---|---|---|---|---|---|---|---|---|---|---|---|---|---|---|---|
| Dewey Decimal Classification | London | London | News article | 01/10/2002 | WB3836-13 | 119945-1001 | 06/08/2019 | 1 | 06/08/2019 | News article |